LIBRARY ONLINE CATALOGUE

The Politics of transition in Kenya from KANU to NARC / (Record no. 10655)

MARC details
000 -LEADER
fixed length control field 00768cam a22002292 4500
001 - CONTROL NUMBER
control field 0000003363
005 - DATE AND TIME OF LATEST TRANSACTION
control field 20151217154337.0
008 - FIXED-LENGTH DATA ELEMENTS--GENERAL INFORMATION
fixed length control field 070504s xx 000 0 eng d
020 ## - INTERNATIONAL STANDARD BOOK NUMBER
International Standard Book Number 9966977236 :
040 ## - CATALOGING SOURCE
Original cataloging agency KABU
Transcribing agency KABU
050 #0 - LIBRARY OF CONGRESS CALL NUMBER
Classification number JQ2947
Item number .A91P65
245 14 - TITLE STATEMENT
Title The Politics of transition in Kenya from KANU to NARC /
Statement of responsibility, etc. edited by Walter O. Oyugi, Peter Wanyande, C. Odhiambo-Mbai.
260 ## - PUBLICATION, DISTRIBUTION, ETC. (IMPRINT)
Place of publication, distribution, etc. Nairobi :
Name of publisher, distributor, etc. Heinrich Boll Foundation,
Date of publication, distribution, etc. 2003.
300 ## - PHYSICAL DESCRIPTION
Extent 432 p.
651 #0 - SUBJECT ADDED ENTRY--GEOGRAPHIC NAME
Geographic name Kenya
General subdivision Politics and government
Chronological subdivision 2002.
-- 0000153236
700 1# - ADDED ENTRY--PERSONAL NAME
Personal name Oyugi, Walter O.
-- 0000153237
700 1# - ADDED ENTRY--PERSONAL NAME
Personal name Odhiambo-Mbai, C.
-- 0000153238
700 1# - ADDED ENTRY--PERSONAL NAME
Personal name Wanyande, Peter.
-- 0000153239
908 ## - PUT COMMAND PARAMETER (RLIN)
Put command parameter 070504
950 ## - LOCAL HOLDINGS (RLIN)
-- 1
Holdings
Withdrawn status Lost status Source of classification or shelving scheme Not for loan Home library Current library Date acquired Total Checkouts Total Renewals Full call number Barcode Date last seen Date last checked out Price effective from Koha item type
    Library of Congress Classification   Kabarak, Main Campus Kabarak, Main Campus 17/12/2015 3 1 JQ2947 .A91P65 004777 02/10/2019 27/06/2017 17/12/2015 General Collection
    Library of Congress Classification   Kabarak, Main Campus Kabarak, Main Campus 17/12/2015     JQ2947 .A91P65 009561 17/12/2015   17/12/2015 Africana Collection